000 01133nam a22002537a 4500
005 20170124103148.0
010 _aA-855036
020 _c100.00
_a8173152039
035 _aA-855036
037 _bCen Lib/Ret
040 _aDPL
_bHN
082 _a822
_bपारिवा
245 _aपारिवारिक संबंधों के एकांकी /
_cसंपादक गिरिराज शरण
246 _aPaarivarik sambandhon ke ekenki
_bsampadak Giriraaj Sharan
260 _aनई दिल्ली
_bप्रभात प्रकाशन
_c1997
270 _a4/19 ,आसफ अली रोड
_bनई दिल्ली
_e110002
300 _a187पृष्ठ.
_c21सेमी(अजिल्द)
650 _aहिंदी साहित्य
_986992
650 _aहिंदी एकांकी - पारिवारिक सम्बन्ध
_983029
650 _aHindi Literature
_986993
650 _aHindi one act - Family ties
_986994
700 _aशरण, गिरिराज
_943761
942 _2ddc
_cHN
_h822
_mपारिवा
999 _c119812
_d119812